| 000 | 00796nam a2200229Ia 4500 | ||
|---|---|---|---|
| 003 | OSt | ||
| 005 | 20220317105436.0 | ||
| 008 | 210716s2008 xx 000 0 und d | ||
| 020 | _a9781259001802 | ||
| 040 | _cAIMIT LIBRARY | ||
| 041 | _aeng | ||
| 082 |
_a658.848 _22 _bPAUJ |
||
| 100 |
_aPaul, Justin. _923994 |
||
| 245 |
_aInternational marketing : _btext and cases / _cBy Justin Paul and Ramneek Kapoor. |
||
| 250 | _a2nd ed. | ||
| 260 |
_aNew Delhi : _bTata McGraw Hill Publishing Company Ltd , _c2008. |
||
| 300 |
_aXvii, 379p. ; _c24 cm. |
||
| 650 |
_aProduct promotion advertising and building brands in foreign markets _923995 |
||
| 650 |
_aCommunication and negotiation for international markets _923996 |
||
| 700 |
_aKapoor, Ramneek. _923997 |
||
| 942 |
_2ddc _cBK _e2nd _k658.848 PAUJ |
||
| 999 |
_c204991 _d204991 |
||